Import prices and stagflation in the industrial countries (Registro nro. 26606)
[ vista simple ]
| 000 -LEADER | |
|---|---|
| fixed length control field | 00343 a2200109 4500 |
| 001 - CONTROL NUMBER | |
| control field | ART_12713 |
| 005 - DATE AND TIME OF LATEST TRANSACTION | |
| control field | 20260410161909.0 |
| 008 - FIXED-LENGTH DATA ELEMENTS--GENERAL INFORMATION | |
| fixed length control field | 260409a |
| 100 1# - MAIN ENTRY--PERSONAL NAME | |
| Personal name | Bruno, Michael |
| 245 10 - TITLE STATEMENT | |
| Title | Import prices and stagflation in the industrial countries |
| 773 0# - HOST ITEM ENTRY | |
| Title | The Economic Journal |
| Related parts | - Vol. 90, Nº 359 (set. 1980) |
| Record control number | REV12512 |
No hay ítems disponibles.